00696nam a2200229Ia 4500003000900000008004100009040001300050040001300063041000800076100003300084100000800117245006900125250001000194260002100204260000900225300001100234300001000245490000600255942000700261999001700268952018100285IT-RoPAU120407s9999 xx 000 0 und d aIT-RoPAU cIT-RoPAU aita aGiovanni Evangelista Robaldo cssp aTutto s. Matteo spiegato al popolo secondo i Padri e il Concilio aRoma  aEdizioni Paoline c1967 a445 p. c18 cm v1 cBK c34683d34683 00102ddc406220_71000000000000071aPAULUSbPAULUSd2012-04-11l0o220.71r2012-04-11 00:00:00w2012-04-11yBKzInserito da: In data: n.d. fondo: Via A.Severo 56 Progr:35769